01807cam a22004214i 4500003000900000005001700009008004100026035001900067040003300086082001700119100003100136245009200167264004500259300002800304336002100332337002500353338002300378505035800401526001000759526001000769526001000779526001000789526000800799526000800807526000800815526000800823526000800831526000800839526000800847650001400855910000500869942001400874949013400888596000601022999015001028980005501178952015201233PE-LiUPU20250731173243.0150625s r 000 0 d a(Sirsi) a35379 aPE-LiUPUbspacPE-LiUPUerda04a238bL412211 aLehmann, Johannes,eautor.11a¿Esta enferma la Fe? :blos creyentes, signo o antisigno de la fe /cJohannes Lehmann. 1aSalamanca :bEdiciones sígueme,c1967. a150 páginas ;c17 cm. atext2rdacontent aunmediated2rdamedia avolume2rdacarrier0 aUna fe desacreditada: ¿fachada o sólida fortaleza?. Una superstición inconsciente. La fe en la moral. La fe en el rito. La fe en el detalle. La fe en lo estético. El deseo de satisfacción. El deseo de saber. El deseo de protección. El deseo de protección. -La fe digna de crédito: la fé como vivencia, vida, creencia. Fe-iglesia-hombre. aSEG42 aSEG41 aSEG40 aSEG39 aP94 aP87 aP86 aP85 aP77 aP76 aP3504aFe.93098 a 2ddccBOOK a238 L41wDEWEYc1i12726lCCODEBUL1mBULp00.00r0sYtBOOKu2015-06-25xBIBLIOTECAzUNKNOWN0COMPRAo.STAFF. Colección General a1 a238 L41wDEWEYc43336i12726f2021-11-11g5lCCODEBUL1mBULr0sYtBOOKu2015-6-25xTEOLOGIAzUNKNOWN0COMPRAo.STAFF. Colección Generald43336 81gALBERTO SANCHEZ Responsable de Automatización r2025-12-03 00:00:00i6l0o238 L41p12726te1w2015-06-25xPGyBKzinventario-2023-12-13102ddc50708GENfP94aBULbBULcGENd2015-06-25eCOMPRA